[Event "SVK GPX U18"]
[Site "Kremnica"]
[Date "2025.06.21"]
[Round "2"]
[White "Simko, Jakub"]
[Black "Ballo, Filip"]
[Result "1/2-1/2"]
[WhiteElo "1585"]
[BlackElo "1912"]
[PlyCount "77"]
[EventDate "2025.06.21"]
[EventType "tourn (rapid)"]
[EventRounds "9"]
[EventCountry "SVK"]
[SourceTitle "CB26_2025"]
[SourceDate "2025.06.25"]
[SourceVersion "1"]
[SourceVersionDate "2025.06.25"]
[SourceQuality "1"]

1. e4 c5 2. Nf3 Nc6 3. d4 cxd4 4. Nxd4 e6 5. Nxc6 bxc6 6. Bd3 d5 7. 0-0 Nf6 8. exd5 exd5 9. Nd2 Be7 10. c4 d4 11. Qc2 c5 12. Ne4 h6 13. Nxf6+ Bxf6 14. Be4 Rb8 15. Bf4 Rb6 16. Rfe1 0-0 17. Rad1 Bg5 18. Bxg5 Qxg5 19. Rd3 Re6 20. Rg3 Qf4 21. Rf3 Qe5 22. Bh7+ Kh8 23. Rxe5 Rxe5 24. Be4 Rfe8 25. Bd3 Bg4 26. Rg3 Re1+ 27. Bf1 Be2 28. h3 Bxf1 29. Kh2 d3 30. Rxd3 Bxd3 31. Qxd3 R1e2 32. Qd7 R8e6 33. Qxa7 Rxf2 34. Qxc5 Ree2 35. Qc8+ Kh7 36. Kh1 Rxg2 37. Qf5+ Kg8 38. Qc8+ Kh7 39. Qf5+ 1/2-1/2

[Event "SVK-ch U2400"]
[Site "Liptovsky Jan"]
[Date "2025.06.15"]
[Round "7"]
[White "Vasylchuk, Diana"]
[Black "Simko, Jakub"]
[Result "1-0"]
[WhiteElo "1990"]
[BlackElo "1814"]
[PlyCount "55"]
[EventDate "2025.06.12"]
[EventType "swiss"]
[EventRounds "8"]
[EventCountry "SVK"]
[SourceTitle "CB25_2025"]
[SourceDate "2025.06.18"]
[SourceVersion "1"]
[SourceVersionDate "2025.06.18"]
[SourceQuality "1"]

1. e4 c5 2. Nc3 Nc6 3. f4 d6 4. Nf3 g6 5. a4 Bg7 6. Bb5 Bd7 7. d3 e6 8. Be3 Nd4 9. e5 Ne7 10. Ne4 Nef5 11. Bxd4 cxd4 12. g4 d5 13. Bxd7+ Qxd7 14. gxf5 dxe4 15. dxe4 exf5 16. Qxd4 Qc6 17. 0-0 Bf8 18. b4 Rd8 19. Qb2 Qb6+ 20. Kh1 Qxb4 21. Qxb4 Bxb4 22. exf5 gxf5 23. Rab1 a5 24. c3 Bxc3 25. Rxb7 0-0 26. Rg1+ Kh8 27. Ng5 Bd4 28. Rg3 1-0

[Event "SVK-ch U2400"]
[Site "Liptovsky Jan"]
[Date "2025.06.12"]
[Round "2"]
[White "Simko, Jakub"]
[Black "Kluska, Lukas"]
[Result "0-1"]
[WhiteElo "1814"]
[BlackElo "1564"]
[PlyCount "100"]
[EventDate "2025.06.12"]
[EventType "swiss"]
[EventRounds "8"]
[EventCountry "SVK"]
[SourceTitle "CB25_2025"]
[SourceDate "2025.06.18"]
[SourceVersion "1"]
[SourceVersionDate "2025.06.18"]
[SourceQuality "1"]

1. d4 d5 2. Nf3 e6 3. g3 Nf6 4. Bg2 c5 5. Nbd2 Nc6 6. c3 cxd4 7. cxd4 Bd6 8. 0-0 0-0 9. Nb3 b6 10. Bg5 h6 11. Bxf6 Qxf6 12. Rc1 Bb7 13. a3 Rac8 14. Qd3 Rc7 15. Rfd1 Rfc8 16. h4 Ne7 17. Nbd2 Nf5 18. Rxc7 Rxc7 19. e4 dxe4 20. Nxe4 Qe7 21. Nfd2 Rd7 22. Nxd6 Rxd6 23. Bxb7 Qxb7 24. Nf3 Ne7 25. Ne5 f6 26. Nc4 Rd7 27. Qe2 Qd5 28. Ne3 Qc6 29. b4 Nd5 30. b5 Qd6 31. Nc4 Qc7 32. Qxe6+ Kh8 33. Ne3 Nc3 34. Rd2 Nxb5 35. d5 Re7 36. Qc6 Qxc6 37. dxc6 Rc7 38. a4 Nc3 39. Rc2 Nxa4 40. Nd5 Rc8 41. c7 Nc5 42. Kf1 g5 43. hxg5 fxg5 44. Ke2 Kg7 45. Rc4 Kf7 46. f4 Ke6 47. Rd4 Ne4 48. f5+ Ke5 49. Ke3 Nxg3 50. f6 Nf5+ 0-1

[Event "SVK-ch U16"]
[Site "Tatralandia"]
[Date "2025.05.13"]
[Round "3"]
[White "Simko, Jakub"]
[Black "Chmurny, Richard"]
[Result "0-1"]
[WhiteElo "1861"]
[BlackElo "1618"]
[PlyCount "60"]
[EventDate "2025.05.11"]
[EventType "swiss"]
[EventRounds "9"]
[EventCountry "SVK"]
[SourceTitle "CB21_2025"]
[SourceDate "2025.05.21"]
[SourceVersion "1"]
[SourceVersionDate "2025.05.21"]
[SourceQuality "1"]

1. e4 c5 2. Nf3 Nc6 3. d4 cxd4 4. Nxd4 Nf6 5. Nc3 e5 6. Ndb5 d6 7. Nd5 Nxd5 8. exd5 Nb8 9. a4 Be7 10. Be2 0-0 11. Bd2 f5 12. a5 Nd7 13. c4 f4 14. b4 Nf6 15. Ra3 Ne4 16. Bd3 Nxf2 17. Kxf2 Bh4+ 18. Kg1 f3 19. Bxh7+ Kxh7 20. Rxf3 Bf5 21. Rf1 Bd3 22. Rxf8 Qxf8 23. Be3 e4 24. Nc3 Qf6 25. g3 Qxc3 26. gxh4 Rf8 27. Kg2 Rf3 28. Bd2 Qf6 29. Bg5 Rf2+ 30. Kh3 Qf5+ 0-1

[Event "Kremnica op"]
[Site "Kremnica"]
[Date "2024.08.17"]
[Round "4"]
[White "Savchuk, Alexander"]
[Black "Simko, Jakub"]
[Result "0-1"]
[WhiteElo "1899"]
[BlackElo "1712"]
[PlyCount "120"]
[EventDate "2024.08.15"]
[EventType "swiss"]
[EventRounds "7"]
[EventCountry "SVK"]
[SourceTitle "CBM 221 Extra"]
[Source "ChessBase"]
[SourceDate "2024.09.30"]
[SourceVersion "1"]
[SourceVersionDate "2024.09.30"]
[SourceQuality "1"]

1. e4 c5 2. Nf3 d6 3. d4 cxd4 4. Nxd4 Nf6 5. Nc3 a6 6. Rg1 e5 7. Nb3 Be6 8. g4 Be7 9. g5 Nfd7 10. h4 Nc6 11. Be3 Rc8 12. Qd2 b5 13. 0-0-0 Na5 14. Nxa5 Qxa5 15. a3 Nb6 16. h5 Nc4 17. Bxc4 Rxc4 18. g6 d5 19. gxf7+ Bxf7 20. Nxd5 Qxd2+ 21. Rxd2 Bxd5 22. Rxd5 Kf7 23. Rxe5 Bf6 24. Rc5 Rxe4 25. Rd1 Rhe8 26. Rd7+ R8e7 27. Rcc7 Rxd7 28. Rxd7+ Re7 29. Rxe7+ Kxe7 30. b3 Ke6 31. c4 bxc4 32. bxc4 g6 33. h6 Kd6 34. Kc2 Kc6 35. Kd3 Bb2 36. a4 Bf6 37. Ke4 Kd6 38. f4 Ke6 39. Bd4 Be7 40. Bb6 Bf8 41. c5 Bxh6 42. c6 Kd6 43. c7 Kd7 44. f5 Bf8 45. fxg6 hxg6 46. Ke5 Bd6+ 47. Kf6 Kc8 48. Be3 Kxc7 49. Kxg6 Bc5 50. Kh7 Kc6 51. Bc1 Bb4 52. Kg6 Kb6 53. Kf5 Ka5 54. Ke4 Kxa4 55. Kd3 Kb3 56. Bf4 a5 57. Bg5 a4 58. Bf6 a3 59. Be5 a2 60. Bf6 Ba3 0-1

[Event "Kremnica op"]
[Site "Kremnica"]
[Date "2024.08.16"]
[Round "2"]
[White "Simko, Jakub"]
[Black "Zavodny, Jaroslav"]
[Result "0-1"]
[WhiteElo "1712"]
[BlackElo "1902"]
[PlyCount "159"]
[EventDate "2024.08.15"]
[EventType "swiss"]
[EventRounds "7"]
[EventCountry "SVK"]
[SourceTitle "CBM 221 Extra"]
[Source "ChessBase"]
[SourceDate "2024.09.30"]
[SourceVersion "1"]
[SourceVersionDate "2024.09.30"]
[SourceQuality "1"]

1. e4 e5 2. f4 exf4 3. Nf3 d6 4. d4 g5 5. h4 g4 6. Ng1 Nf6 7. Nc3 Nh5 8. Nge2 Be7 9. Bxf4 Nxf4 10. Nxf4 Bxh4+ 11. Kd2 Qg5 12. Nce2 Bg3 13. Ke3 Bxf4+ 14. Nxf4 h5 15. g3 Nc6 16. Bb5 Qxb5 17. Nd5 Kd8 18. a4 Qxb2 19. Qd2 Qxd4+ 20. Qxd4 Nxd4 21. Kxd4 c6 22. Nf6 Ke7 23. Nxh5 Be6 24. Nf4 b6 25. c4 a6 26. Rhb1 Rab8 27. Rb2 Rb7 28. Rab1 Rhb8 29. Nd3 c5+ 30. Kc3 Bd7 31. e5 Bf5 32. Re1 Bxd3 33. Kxd3 dxe5 34. Rxe5+ Kf6 35. Rd5 b5 36. Rf2+ Kg7 37. Rxc5 bxc4+ 38. Rxc4 Rb3+ 39. Rc3 Rxc3+ 40. Kxc3 Kg6 41. Kc4 a5 42. Kc3 Rb4 43. Ra2 f5 44. Ra3 Kf6 45. Kd3 Ke5 46. Ke3 Re4+ 47. Kf2 f4 48. gxf4+ Kxf4 49. Kg2 Rb4 50. Ra2 g3 51. Kg1 Kf3 52. Ra3+ Kg4 53. Ra2 Kh3 54. Ra1 Rb3 55. Kh1 Rb2 56. Kg1 Rg2+ 57. Kh1 Rb2 58. Kg1 Rb3 59. Kh1 g2+ 60. Kg1 Kg3 61. Ra3 Rf3 62. Ra1 Kh3 63. Re1 Ra3 64. Rd1 Ra2 65. Rc1 Kg4 66. Rc5 Kf3 67. Rc3+ Ke4 68. Rg3 Kd4 69. Rg4+ Kc3 70. Rg3+ Kb4 71. Rg4+ Kb3 72. Rf4 Rxa4 73. Rf3+ Kc2 74. Kxg2 Rd4 75. Rf5 a4 76. Kf1 a3 77. Rc5+ Kb3 78. Rb5+ Rb4 79. Rd5 a2 80. Rd2 0-1

[Event "Piestany Slovakia op-B"]
[Site "Piestany"]
[Date "2024.07.16"]
[Round "8"]
[White "Hornacek, Tomas"]
[Black "Simko, Jakub"]
[Result "0-1"]
[WhiteElo "1452"]
[BlackElo "1750"]
[PlyCount "70"]
[EventDate "2024.07.09"]
[EventType "swiss"]
[EventRounds "9"]
[EventCountry "SVK"]
[SourceTitle "EXT 2025"]
[Source "ChessBase"]
[SourceDate "2024.10.14"]
[SourceVersion "1"]
[SourceVersionDate "2024.10.14"]
[SourceQuality "1"]

1. e4 c5 2. Nf3 d6 3. d4 cxd4 4. Nxd4 Nf6 5. Nc3 a6 6. Be2 e5 7. Nb3 Be7 8. 0-0 Be6 9. Be3 Nbd7 10. Qd2 Rc8 11. Rad1 b5 12. a3 Qc7 13. f4 Nb6 14. Bxb6 Qxb6+ 15. Kh1 0-0 16. Bf3 Rfd8 17. f5 Bc4 18. Be2 Bxe2 19. Qxe2 Qc7 20. Qf3 Rd7 21. Rd2 Rcd8 22. Rfd1 Qc4 23. Na5 Qc7 24. Nb3 g6 25. g4 gxf5 26. gxf5 Kh8 27. Rg1 Qb7 28. Rdg2 Qa8 29. Nd5 Nxd5 30. exd5 Bf6 31. Na5 e4 32. Qxe4 Re8 33. Qf3 Bd4 34. Rb1 Re3 35. Qd1 Qxd5 0-1

[Event "Piestany Slovakia op-B"]
[Site "Piestany"]
[Date "2024.07.15"]
[Round "7"]
[White "Simko, Jakub"]
[Black "Goncharenko, Anna"]
[Result "0-1"]
[WhiteElo "1750"]
[BlackElo "1614"]
[PlyCount "56"]
[EventDate "2024.07.09"]
[EventType "swiss"]
[EventRounds "9"]
[EventCountry "SVK"]
[SourceTitle "EXT 2025"]
[Source "ChessBase"]
[SourceDate "2024.10.14"]
[SourceVersion "1"]
[SourceVersionDate "2024.10.14"]
[SourceQuality "1"]

1. e4 c5 2. Nf3 d6 3. d4 cxd4 4. Nxd4 Nf6 5. Nc3 g6 6. Be3 Bg7 7. f3 0-0 8. Qd2 Nc6 9. g4 d5 10. g5 Nxd4 11. Bxd4 Ne8 12. exd5 Bxd4 13. Qxd4 e6 14. h4 exd5 15. 0-0-0 Nc7 16. Nxd5 Nxd5 17. Qxd5 Qc7 18. Qc4 Qa5 19. a3 Bf5 20. Rd5 Qe1+ 21. Rd1 Qe3+ 22. Kb1 Rac8 23. Qd4 Bxc2+ 24. Ka1 Qxf3 25. Bh3 Rcd8 26. Rdf1 Qxh1 27. Qxd8 Qxf1+ 28. Bxf1 Rxd8 0-1

[Event "SVK-ch U2300"]
[Site "Liptovsky Jan"]
[Date "2024.06.17"]
[Round "6"]
[White "Kluska, Lukas"]
[Black "Simko, Jakub"]
[Result "1-0"]
[WhiteElo "1589"]
[BlackElo "1750"]
[PlyCount "79"]
[EventDate "2024.06.15"]
[EventType "swiss"]
[EventRounds "8"]
[EventCountry "SVK"]
[SourceTitle "CBM 220 Extra"]
[Source "ChessBase"]
[SourceDate "2024.07.31"]
[SourceVersion "1"]
[SourceVersionDate "2024.07.31"]
[SourceQuality "1"]

1. e4 c5 2. Nf3 d6 3. d4 cxd4 4. Nxd4 Nf6 5. Nc3 a6 6. Bc4 e6 7. Bb3 Be7 8. Be3 0-0 9. g4 b5 10. g5 Nfd7 11. h4 Nc5 12. a3 Bb7 13. Qg4 Nxb3 14. Nxb3 f5 15. gxf6 Rxf6 16. h5 Nd7 17. f4 Qf8 18. 0-0-0 Rd8 19. Na5 Ba8 20. Nb3 Kh8 21. Nd4 Qg8 22. Rdg1 Nc5 23. f5 e5 24. Nf3 Nd7 25. Ng5 Nf8 26. Nf3 Nd7 27. Nh4 Nf8 28. Ng6+ Nxg6 29. hxg6 h6 30. Bxh6 gxh6 31. Rxh6+ Kg7 32. Rh7+ Kf8 33. Rgh1 d5 34. Rh8 Kg7 35. R1h7+ Qxh7 36. Rxh7+ Kf8 37. g7+ Kg8 38. Rh8+ Kf7 39. g8Q+ Rxg8 40. Qxg8# 1-0

[Event "SVK-ch U2300"]
[Site "Liptovsky Jan"]
[Date "2024.06.17"]
[Round "5"]
[White "Simko, Jakub"]
[Black "Artola Pola, Gerardo"]
[Result "0-1"]
[WhiteElo "1750"]
[BlackElo "1992"]
[PlyCount "88"]
[EventDate "2024.06.15"]
[EventType "swiss"]
[EventRounds "8"]
[EventCountry "SVK"]
[SourceTitle "CBM 220 Extra"]
[Source "ChessBase"]
[SourceDate "2024.07.31"]
[SourceVersion "1"]
[SourceVersionDate "2024.07.31"]
[SourceQuality "1"]

1. e4 d6 2. d4 Nf6 3. Nc3 g6 4. Nf3 Bg7 5. Be3 a6 6. Qd2 b5 7. a3 Bb7 8. Bd3 Nbd7 9. 0-0-0 c5 10. d5 Qc7 11. Bh6 0-0 12. Bxg7 Kxg7 13. Rhe1 Nb6 14. Kb1 b4 15. axb4 cxb4 16. Ne2 a5 17. Ned4 h6 18. Bb5 Nc4 19. Qd3 Ne5 20. Nxe5 dxe5 21. Nc6 Qd6 22. Qg3 Bxc6 23. Bxc6 Ra6 24. b3 Rd8 25. Qd3 Rb6 26. f3 Nd7 27. Bxd7 Rxd7 28. f4 exf4 29. e5 Qc5 30. Qd4 Qxd4 31. Rxd4 g5 32. h4 Kg6 33. hxg5 hxg5 34. Kb2 Kf5 35. c4 bxc3+ 36. Kxc3 Rc7+ 37. Rc4 Rcb7 38. Rc5 Rxb3+ 39. Kd4 R7b4+ 40. Rc4 Rxc4+ 41. Kxc4 Re3 42. Rxe3 fxe3 43. d6 exd6 44. exd6 Ke6 0-1

[Event "SVK-ch U14"]
[Site "Tatralandia"]
[Date "2024.04.08"]
[Round "5"]
[White "Simko, Jakub"]
[Black "Retkovsky, Dominik"]
[Result "1-0"]
[WhiteElo "1755"]
[BlackElo "1192"]
[PlyCount "79"]
[EventDate "2024.04.05"]
[EventType "swiss"]
[EventRounds "9"]
[EventCountry "SVK"]
[SourceTitle "CBM 219 Extra"]
[Source "ChessBase"]
[SourceDate "2024.05.31"]
[SourceVersion "1"]
[SourceVersionDate "2024.05.31"]
[SourceQuality "1"]

1. e4 e6 2. d4 d5 3. e5 c5 4. c3 Nc6 5. Nf3 Nh6 6. Bd3 f6 7. 0-0 cxd4 8. cxd4 Nf7 9. Re1 fxe5 10. dxe5 Bc5 11. Qc2 Qb6 12. a3 Nd4 13. Nxd4 Bxd4 14. Be3 Bd7 15. Bxd4 Qxd4 16. Qc3 Qb6 17. Qb4 Qxb4 18. axb4 0-0 19. Nd2 a6 20. Nf3 Rac8 21. Rac1 Nh6 22. h3 Nf5 23. Rxc8 Bxc8 24. Rc1 Ne7 25. b5 a5 26. Rc7 Ng6 27. Bxg6 hxg6 28. b6 Rd8 29. Nd4 Kf8 30. Nb5 Bd7 31. Nd6 Bc6 32. Nxb7 Bxb7 33. Rxb7 d4 34. Kf1 d3 35. Ke1 Rc8 36. Rc7 Rb8 37. b7 Rd8 38. Rc8 d2+ 39. Kd1 Rxc8 40. bxc8Q+ 1-0

[Event "SVK-ch U14"]
[Site "Tatralandia"]
[Date "2024.04.05"]
[Round "1"]
[White "Pauko, Sebastian"]
[Black "Simko, Jakub"]
[Result "1-0"]
[WhiteElo "1249"]
[BlackElo "1755"]
[PlyCount "117"]
[EventDate "2024.04.05"]
[EventType "swiss"]
[EventRounds "9"]
[EventCountry "SVK"]
[SourceTitle "CBM 219 Extra"]
[Source "ChessBase"]
[SourceDate "2024.05.31"]
[SourceVersion "1"]
[SourceVersionDate "2024.05.31"]
[SourceQuality "1"]

1. e4 c5 2. Nf3 d6 3. c3 Nf6 4. h3 Bd7 5. Bd3 Nc6 6. Bc2 g6 7. d4 cxd4 8. cxd4 Bg7 9. Nc3 0-0 10. Be3 a6 11. 0-0 Rc8 12. a3 b5 13. b4 Qc7 14. Bd2 e6 15. Bb3 Nh5 16. d5 Nd4 17. Nxd4 Bxd4 18. Rc1 Qb6 19. Qc2 Ng3 20. Rfd1 Ne2+ 21. Nxe2 Bxf2+ 22. Kh1 Rxc2 23. Rxc2 Be3 24. Rc3 Bxd2 25. Rxd2 Qf2 26. Rdc2 exd5 27. Bxd5 Be6 28. Rc6 Bxd5 29. exd5 Re8 30. Rc8 Kf8 31. Ng1 Qf5 32. Rxe8+ Kxe8 33. Rc6 Qxd5 34. Rxa6 Ke7 35. Nf3 h5 36. Kg1 Ke6 37. Kf2 Qa2+ 38. Kg3 Qd5 39. Ra5 f5 40. a4 Kf6 41. Rxb5 Qb3 42. a5 h4+ 43. Kh2 Qc4 44. Rb6 Kg7 45. Rb7+ Kf6 46. b5 Qf4+ 47. Kh1 Qc1+ 48. Kh2 Qf4+ 49. Kh1 Qc1+ 50. Ng1 Qa3 51. a6 Qa5 52. a7 d5 53. b6 d4 54. Rb8 d3 55. a8Q Qe1 56. Qc6+ Kg5 57. Rd8 d2 58. Qd7 d1Q 59. Qxd1 1-0